000 00323 a2200133 4500
000 nam a22 7a 4500
100 _aSaxena, Ashok
110 _aSaxena, Ashok
245 _aBharat Ka Sanvidhan
250 _aLatest edition
260 _bShivank Prakashan
_c2026
264 _bShivank Prakashan
_c2026
942 _cBK
999 _c394918
_d394918